000 00250nam a2200097Ia 4500
082 _aJ 363.7282 LEE
245 0 _aRubbish and recycling
100 _a LEE, Anna London, 2003
_995203
942 _cBK
008 210817s9999 xx 000 0 und d
999 _c393967
_d393966